000 00852nam a2200313Ia 4500
003 OSt
005 20220912150805.0
006 a|||||r|||| 00| 0
007 ta
008 220909b |||||||| |||| 00| 0 eng d
020 _a089603741X (hbd)
024 _a9247
037 _bApple,
037 _cTextual
040 _aCSL
_beng
_cCSL
041 _aeng
082 _aG11331, P2
100 _aWard Andrew Ed
245 0 _aGenomic imprinting: methods and protocols
260 _aNew Jersey
_b Humana Press
_c2002
300 _axii, 377p
490 _aMethods in molecular biology; 181
500 _aIncludes bibliographical references; Index 371-377p
650 _a Genomes
650 _a Nucleic acids
650 _aBiology
942 _hG11331, P2
_cTEXL
_2CC
999 _c55081
_d55081